The good lawyer: seeking quality in the practice of Law.

محفوظ في:
التفاصيل البيبلوغرافية
المؤلف الرئيسي: Linder, Douglas O. (autor)
مؤلفون آخرون: Levit, Nancy
التنسيق: كتاب
اللغة:الإنجليزية
منشور في: New York, USA Oxford University Press 2014
الموضوعات:
الوسوم: إضافة وسم
لا توجد وسوم, كن أول من يضع وسما على هذه التسجيلة!

MARC

LEADER 00000cam a2200000 a 4500
001 UCE5847
003 CL-VaPUC
005 20210422163123.0
008 150312e20140000us |||||||||||||||||eng|d
999 |c 358413  |d 358411 
020 |a 9780199360239 
040 |c Pontificia Universidad Católica de Valparaíso 
082 0 4 |a 340.023 LIN 2014  |2 21 
100 |a Linder, Douglas O.  |e autor  |9 578515 
245 1 4 |a The good lawyer: seeking quality in the practice of Law. 
260 0 3 |a New York, USA  |b Oxford University Press  |c 2014 
300 |a 330 páginas. 
583 |a last modification  |c 20150312 12:37:00  |k Rodrigo Vera 
650 0 |a Abogados  |9 256284 
650 0 |a Práctica profesional  |9 358078 
700 0 |a Levit, Nancy  |9 578516 
942 |c BK  |2 ddc 
945 |d 20150312 12:37:00  |a dcastane 
952 |0 0  |1 0  |2 ddc  |3 erd  |4 0  |6 340_023000000000000_LIN_2014  |7 0  |8 A  |9 467101  |a BIBDER  |b BIBDER  |i 5138957  |o 340.023 LIN 2014  |p 5138957  |r 2023-01-25  |t 1  |w 2019-11-23  |y BK  |z Catalogado en:20150312  |k DER